00671nam a2200181 i 450000100060000000300090000600500170001500700030003200800410003502000180007611000770009424500780017126001430024930000280039250000120042065000240043285200330045676390ES-MaACL20250729014020.0t|041001s1984 sp ||||1| spa d a84-505-0652-21 aEspaña. bDirección General de Bellas Artes, Archivos y Bibliotecas.10aGuía de los archivos estatales españoles b: guía del investigador. aMadrid : bMinisterio de Cultura, Dirección General de Bellas Artes, Archivos y Bibliotecas, Subdirección General de Archivos, c1984. a244. : bil. ; c22 cm. aIndice.04aArchivos-zEspaña aES-MaACLjL-11770 bR.112760